000 00647nam a22002177a 4500
005 20250902103318.0
008 250902b |||||||| |||| 00| 0 eng d
037 _cTB
040 _aCRL
_cCRL
041 _2URD
_aURD
084 _aO168,6N24:g R3
_bCRL
245 _aMazameen-e-Aziz Warsi
260 _aDelhi, India:
_bKitaab Foundations,
_c2023.
300 _a88p.
365 _b200.00
_cINR
650 _aUrdu Literature
650 _aUrdu Prose
_926866
700 _aAnis Ahmad
_eCompiler
_9819670
942 _2CC
_cTB
_hO168,6N24:g R3
_n0
999 _c1435034
_d1435034